00933cam a22002894i 4500003000900000005001700009008004100026020001500067035002700082040003300109082001900142130002400161245009100185264006200276300005500338336002100393337002500414338002300439504002800462505004200490526000900532526000900541526000800550526000800558526000800566650006900574PE-LiUPU20250731184059.0150623s1989 caua rb 000 0 eng d a0804717117 a(Sirsi) i9780804717113 aPE-LiUPUbspacPE-LiUPUerda04a892.1bG48221 aGilgamesh. English.14aThe epic of Gilgamesh /ctraducido, con una introducción por Maureen Gallery Kovacs. 1aStanford, California :bStanford University Press,c1989. a122 páginas :bilustraciones ;c22 centímetros atext2rdacontent aunmediated2rdamedia avolume2rdacarrier aIncluye bibliografía.0 aTables I to XI -- Acadia Epic poetry. aP145 aP127 aP97 aP14 aP0704aPoesía épica, asirio-babilónicavTraducciones al Inglés.